Ethnic Groups of Dagestan - Statistics

General Stats
  • This quiz has been taken 46 times
  • The average score is 7 of 15
Answer Stats
Ethnic Group Population % Correct
Avars 956,831
85%
Dargins 521,381
54%
Kumyks 496,455
54%
Laks 162,518
54%
Lezgins 415,963
54%
Aghuls 29,253
46%
Chechens 99,320
46%
Russians 102,243
46%
Rutuls 27,043
46%
Tabasarans 126,319
46%
Nogais 36,944
38%
Azerbaijanis 116,907
31%
Tsakhurs 10,320
31%
Armenians 3,274
23%
Tatars 2,473
15%
No matching quizzes found
Score Distribution
Percent of People with Each Score
Percentile by Number Answered
Your Score History
You have not taken this quiz